Human Rights and Foreign Aid/ (Record no. 9212)

MARC details
000 -LEADER
fixed length control field 00510nam a22001817a 4500
003 - CONTROL NUMBER IDENTIFIER
control field OSt
005 - DATE AND TIME OF LATEST TRANSACTION
control field 20240716164714.0
008 - FIXED-LENGTH DATA ELEMENTS--GENERAL INFORMATION
fixed length control field 240716b |||||||| |||| 00| 0 eng d
020 ## - INTERNATIONAL STANDARD BOOK NUMBER
International Standard Book Number 9780415543460
040 ## - CATALOGING SOURCE
Transcribing agency MUST
100 ## - MAIN ENTRY--PERSONAL NAME
Personal name BarrattBethany
9 (RLIN) 18800
245 ## - TITLE STATEMENT
Title Human Rights and Foreign Aid/
Remainder of title for love or money .
Statement of responsibility, etc. BETHANY Barratt
260 ## - PUBLICATION, DISTRIBUTION, ETC. (IMPRINT)
Place of publication, distribution, etc. London
Name of publisher, distributor, etc. Routledge
Date of publication, distribution, etc. 2008
300 ## - PHYSICAL DESCRIPTION
Extent xii,239p
Other physical details ill.
Dimensions 23cm
504 ## - BIBLIOGRAPHY, ETC. NOTE
Bibliography, etc references and indexes included
650 ## - SUBJECT ADDED ENTRY--TOPICAL TERM
Source of heading or term Human rights
942 ## - ADDED ENTRY ELEMENTS (KOHA)
Source of classification or shelving scheme Dewey Decimal Classification
Koha item type Open Shelf

No items available.